| 000 | 00935nas a2200313 4500 | ||
|---|---|---|---|
| 001 | BR0002897 | ||
| 003 | BR-BrBNA | ||
| 005 | 20231205101909.0 | ||
| 007 | ta | ||
| 008 | 230509b bl.|||p| |||| 00| 00por d | ||
| 040 |
_aBR-BrBNA _bpor _cBiblioteca Nacional de Agricultura |
||
| 041 | _a(Pt) | ||
| 072 | _aF04; P35 | ||
| 100 | 1 | _aLima, J.S. | |
| 100 | 1 | _aLichtig, J. | |
| 100 | 1 | _aOliveira, E. de | |
| 100 | 1 | _aMenk, J.R.F. | |
| 245 | 1 | _aHortalicas cultivadas com composto organico de lixo urbano nao apresentam contaminacao com metais pesados | |
| 650 | _aHortalica Folhosa | ||
| 650 | _aComposto Organico | ||
| 650 | _aResiduo | ||
| 650 | _aUrbanizacao | ||
| 650 | _aContaminacao | ||
| 650 | _aMetal Pesado | ||
| 650 | _aAnalise do Solo | ||
| 773 | 0 |
_tRevista Ceres (Brazil) _xISSN 0034-737X _g(Nov-Dec 1999), v. 46(268) p. 571-585 _wBR0002897 |
|
| 909 |
_a202311 _bLúcia _c55 _dLúcia Elande |
||
| 942 |
_2AGRIS _n0 _cANA |
||
| 999 |
_c164584 _d164584 |
||